00425nam a2200157Ia 4500008004100000020001800041082002000059100001800079245003800097250000800135260004200143300002300185500001900208600002000227650002000247240925s9999 xx 000 0 und d a9788126548934 a332.0151955 TSA aTsay, Ruey S. 0aAnalysis of Financial Time Series a3rd aNew Delhi:bJohn Wiley & Sonsc,2010. a340p.b0fOriginal aIncludes Index aSocial Sciences aSocial Sciences